000 00870nam a22002417a 4500
003 OSt
005 20251125110339.0
008 251125b |||||||| |||| 00| 0 eng d
020 _a971-08-6816-0
040 _aDWC-Main lib.
_cOC
082 _2first edition.
_aFil. 070.412 M251f 2008
100 _aMalinao, Alito L.
245 _aFeature, editorial and opinion writing :
_bwith glossary of common English idioms/
_cAlito L. Malinao
260 _aMandaluyong City, Phils. :
_bNational Bookstore,
_cc2008.
300 _axi, 376 pages :
_billustrations ;
_c23 cm.
504 _aIncludes glossary, bibliography.
650 _a1. Editorials--Authorship.
650 _a2. Report writing.
650 _a3. Journalism--Social aspects.
650 _a4. Journalism--Authorship.
760 _bfirst edition.
942 _2ddc
_cBK - FIL
_efirst edition.
_hFil.
_n0
999 _c6223
_d6223